000 003190000a22001450004500
003 MACL
040 _aMACL
090 _c33671
_d33669
100 _aSridharn, K
245 _aOracle Forms 5.0
260 _bTata Mcgraw Hill Publishing
_c2001
350 _a350
650 _aComputer probraming
942 _cBOOK
_k005/Sri
999 _c33320
_d33320